| 000 | 00827nam a2200265Ia 4500 | ||
|---|---|---|---|
| 003 | OSt | ||
| 005 | 20220928121111.0 | ||
| 006 | a|||||r|||| 00| 0 | ||
| 007 | ta | ||
| 008 | 220927b |||||||| |||| 00| 0 eng d | ||
| 020 | _c11470.014499999999 | ||
| 024 | _a102198 | ||
| 037 |
_b51, 17/11/2009, Aviva Books Company _cTextual |
||
| 040 |
_aSDCL _cSDCL _beng |
||
| 041 |
_2eng _aeng |
||
| 082 | _aB2893g, P7 | ||
| 100 |
_aBlazewicz Jacek _9451571 |
||
| 245 | 0 |
_aHandbook on scheduling _b From theory to applications. |
|
| 260 |
_aBerlin _bSpringer _c2007 |
||
| 300 |
_axii,647p _ccm. |
||
| 490 | _aInternational handbook on information system. | ||
| 650 | _aOperational Research | ||
| 942 |
_hB2893g, P7 _cTEXL _2CC |
||
| 999 |
_c765620 _d765620 |
||